000 00396 a2200121 4500
001 ART_40687
005 20260410161952.0
008 260409a
245 1 0 _aNuevas herramientas para acceder al crédito. Ley 27264
100 1 _aBarreira Delfino, Eduardo A.
700 1 _aCamerini, Marcelo A.
773 0 _tTemas de derecho comercial
_g- Año 2, Nº 11 (nov. 2016)
_wREV28151
999 _c30491
_d30491